00629nam a2200157 i 4500001000700000003000900007005001700016008004100033080001600074100002900090245012800119260005900247300002100306651005000327852009400377160900ES-MaACL20230906212143.0041005s1869 sp |||| | spa d a32(460)"18"1 aOlañeta, Joaquín de.10aOrganización de España : bun problema menos y una solución práctica de los demás / cpor Joaquín de Olañeta. aMadrid : b[s.n.], c1869 (fTip. de Gregorio Estrada) a22 p. ; c21 cm. 4aEspaña-xPolítica y gobierno-y1868-1874.4 aES-MaACLjT-92-F-7 z- Enc. hol., falto de cub. original z- Enc. en un vol. facticio